000 00794nam a2200217Ia 4500
003 OSt
005 20220926021716.0
006 a|||||r|||| 00| 0
007 ta
008 220923b |||||||| |||| 00| 0 eng d
037 _cGeneral Book
040 _aRTL
_cRTL
_beng
041 _2eng
_aeng
082 _aVIN45,933:8.N73, L5 UN
110 _aUNITED NATIONS, GENERAL ASSEMBLY , OFFICIAL RECORDS 28th SESSION.
_9326110
245 0 _aSocial , humanitarian and cultural questions
_b 3rd committee, summary records of meetings 19Sep-5Dec 1973.
260 _aNew York
_bUnited Nations
_c1975
700 _aUNITED NATIONS, GENERAL ASSEMBLY , OFFICIAL RECORDS 28th SESSION.
_9326111
942 _hVIN45,933:8.N73, L5 UN
_cGB
_2CC
999 _c637437
_d637437